Grupos de tres - España - Estadísticas

Estadísticas generales
  • Esta prueba ha sido intentada 4.713 veces
  • La puntuación promedio es 28 de 45
Estadísticas de respuestas
Pareja Respuesta % Correcto
Equipos nunca descendidos de LaLiga Barcelona
98%
Equipos nunca descendidos de LaLiga Real Madrid
97%
Principales idiomas cooficiales Catalán/valenciano
92%
Principales idiomas cooficiales Euskera
91%
Reyes Magos Baltasar
90%
Reyes Magos Gaspar
90%
Reyes Magos Melchor
90%
Tres mentiras de Santillana del Mar Ni es {santa}
90%
Principales idiomas cooficiales Gallego
89%
Bancos con más de medio millón de activos (2025) Banco Santander
85%
Equipos nunca descendidos de LaLiga Athletic Club
79%
Bancos con más de medio millón de activos (2025) BBVA
79%
Ingredientes principales del "pantumaca" Pan
79%
Ingredientes principales del "pantumaca" Tomate
78%
Poderes del Estado Judicial
76%
Museos vértices del Triángulo del Arte Museo del Prado
76%
Provincias vascas Álava
75%
Provincias vascas Guipúzcoa
75%
Ingredientes principales del "pantumaca" Aceite de oliva
73%
Poderes del Estado Legislativo
73%
Provincias vascas Vizcaya
71%
Españoles ganadores del Balón de Oro (masc.) Rodri Hernández
69%
Bancos con más de medio millón de activos (2025) CaixaBank
68%
Principales competiciones nacionales La Liga
68%
Poderes del Estado Ejecutivo
66%
Tres mentiras de Santillana del Mar Ni tiene {mar}
65%
Españoles ganadores del Grammy Latino al Álbum del Año Rosalía
62%
Tres mentiras de Santillana del Mar Ni {llana}
59%
Tres culturas de Toledo Cristianos
55%
Españoles ganadores del Balón de Oro (masc.) Luis Suárez
55%
Museos vértices del Triángulo del Arte Museo Reina Sofía
54%
Tres culturas de Toledo Musulmanes
54%
Tres culturas de Toledo Judíos
52%
Lugares que pasaron a ser dependencias estadounidenses después de la guerra hispano-estadounidense Puerto Rico
50%
Principales competiciones nacionales Copa del Rey
47%
Lugares que pasaron a ser dependencias estadounidenses después de la guerra hispano-estadounidense Filipinas
43%
Españoles ganadores del Balón de Oro (masc.) Alfredo Di Stéfano (nacionalizado 1956)
38%
Principales competiciones nacionales Supercopa
38%
Museos vértices del Triángulo del Arte Museo Thyssen-Bornemisza
33%
Españoles ganadores del Grammy Latino al Álbum del Año Alejandro Sanz
31%
Facetas del flamenco Baile
26%
Facetas del flamenco Cante
24%
Lugares que pasaron a ser dependencias estadounidenses después de la guerra hispano-estadounidense Guam
19%
Facetas del flamenco Toque
16%
Españoles ganadores del Grammy Latino al Álbum del Año Paco de Lucía
2%
No se encontraron pruebas coincidentes
Distribución de puntuación
Porcentaje de gente con cada puntuación
Porcentaje por número respondido
Historial de tus puntuaciones
No has intentado esta prueba.